Statistiques concernant Personnages de dessins animés de A à Z en images

Cliquez ici pour prendre le quiz!

Statistiques générales

  • Ce quiz a été pris 639 fois
    (110 depuis la dernière actualisation)
  • Le résultat moyen est 8 sur 26

Statistiques - réponses

Réponse% Correct
Oggy
94%
Clover
92%
Daphné Blake
90%
Rick Sanchez
80%
Ned Flanders
57%
Kenny McCormick
51%
Perry l'ornithorynque
45%
Victor MacBernick
42%
Wendy Corduroy
31%
Fred Pierrafeu
29%
Satanas
26%
Xavier Ramier
23%
Jérémy Belpois
21%
Bibou
20%
ICY
18%
Etno
15%
Leela Turanga
15%
Quad
13%
Marceline
6%
Professeur {Utonium}
5%
Yakko Warner
5%
Alastor
4%
Gadget
3%
Theodore Jasper "T.J." Detweiler
3%
Homme-Sirène
2%
Zummi
1%

Distribution des résultats

Percentile par nombre de réponses

% des personnes avec chaque résultat

Votre développement - résultats

Vous n’avez pas pris ce quiz depuis la dernière actualisation